| 000 | 00821nam a22002657a 4500 | ||
|---|---|---|---|
| 001 | 6401 | ||
| 003 | FISKH | ||
| 005 | 20250428160731.0 | ||
| 008 | 250428b cb ||||| |||| 00| 0 eng d | ||
| 040 |
_aFISKH _beng _cFISKH _dFISKH |
||
| 050 | _aPZ7.C8682 S | ||
| 082 | _a629.22 | ||
| 100 | _aCrews, Donald | ||
| 245 |
_aSchool Bus / _cDonald Crews |
||
| 250 | _aFirst Scholastic printing, September 1990 | ||
| 260 |
_aNew York : _bScholastic, _c1984. |
||
| 300 |
_a32 unnumbered pages : _bcolor illustrations ; _c21 x 26 cm |
||
| 505 | _aC | ||
| 520 | _aFollows the progress of school buses as they take children to school and bring them home again. | ||
| 521 | 8 |
_a100
_bLexile estimate |
|
| 521 | 8 |
_aC
_bRaz-Plus |
|
| 650 |
_aTransportation _vVehicles |
||
| 942 |
_2ddc _cBK _n0 |
||
| 999 |
_c6401 _d6401 |
||